000 00713pam a2200217 4500
001 2610
005 20181127165349.0
008 940125s1994 enka 000 0 eng
010 _a 94003919
020 _a1858980224
100 1 _aTsuru, Shigeto,
_d1912-
245 1 0 _aEconomic theory and capitalist society /
_cShigeto Tsuru.
260 _aAldershot, Hants., England :
_bE. Elgar,
_cc1994.
300 _axxxi, 390 p. :
_bill. ;
_c24 cm.
440 0 _aEconomists of the twentieth century
490 1 _aThe selected essays of Shigeto Tsuru ;
_vv. 1
650 0 _aEconomic development.
650 0 _aEconomics.
650 0 _aEnvironmental policy.
800 1 _aTsuru, Shigeto,
_d1912-
_tEssays.
_kSelections ;
_vv. 1.
999 _c2075
_d2075